000
00214 a2200097 4500
001
13376
100
_a
Morgenthav, H J
245
_a
Politics among nations
260
_a
New York
_b
Alfred a
_c
090
_c
10392
_d
10392
942
_a
NUST-CAE
_c
M
_c
439
999
_c
248449
_d
248449